| 000 | 01719nam a22004097a 4500 | ||
|---|---|---|---|
| 003 | OSt | ||
| 005 | 20230308132817.0 | ||
| 008 | 221006b |||||||| |||| 00| 0 eng d | ||
| 020 | _a1696-6690 | ||
| 040 | _cBiblioteca Lado V | ||
| 082 |
_a700.41 _bR744a |
||
| 100 |
_9525 _aRolando, Carlos _eautor |
||
| 245 | _aARCO Contemporary art/ | ||
| 260 |
_bFeria Internacional de Arte Contemporáneo _c2006 _aMadrid |
||
| 300 |
_c21x30cm _a86p. |
||
| 490 |
_a39 _v2006 |
||
| 505 | _tFrom the middle: between East and West | ||
| 505 | _tThe divided body. On Prostheses and other Accesories to think the world | ||
| 505 | _tHistory, Trauma, Visual Art | ||
| 505 | _tModernity, a legacy of the 19th century | ||
| 505 | _tIs Spanish Contemporary Art still possible and if so, what ar its distinguishibg Features? | ||
| 505 | _tMust-Reads | ||
| 505 | _tCityscapes: Bilbao | ||
| 505 | _tHangar Centre de Produccio d'Arts Visuals | ||
| 505 | _tThe CCA Wattis Institute for Contemporary Arts | ||
| 505 | _tKeeping it Modern: The Museum of Modern Art (MOMA) | ||
| 505 | _tEspai d'Art Contemporani de Castello | ||
| 505 | _tThe Jorge Oteiza Museum in Alzuza: a Dialogue Between Architecture and Sculpture | ||
| 505 | _tThe National Museum of Contemporary Art in Athens, a Dream becomes a Reality | ||
| 650 |
_2Tesauro de Arte & Arquitectura _aARTE _9703 |
||
| 650 |
_2Tesauro de Arte & Arquitectura _aNOTICIAS |
||
| 650 |
_2Tesauro de Arte & Arquitectura _aCRITICA |
||
| 650 |
_2Tesauro de Arte & Arquitectura _aAPRECIACION |
||
| 650 |
_2Tesauro de Arte & Arquitectura _aVISIBILIDAD |
||
| 650 |
_2Tesauro de Arte & Arquitectura _aCOLECCIONISMO |
||
| 942 |
_2ddc _c1 _h700.41 _iR744a _n0 |
||
| 999 |
_c3152 _d3152 |
||